00228 a2200097 4500000002500000020001800025100002000043245004500063260001400108264000800122 nam a22 7a 4500 a9780367270018 aTotten,George E aHandbook of metallurgical process design bCRCc2019 bCRC